000 00952nam a2200217 i 4500
001 20386
003 ES-MaACL
005 20250907063034.0
007 t|
008 021112s1896 sp |||| | spa d
100 1 _aAgulló y Prats, Buenaventura,
_d1846-1907
_918904
245 1 0 _aCiencia del crédito territorial (credigelogía) /
_cBuenaventura Agulló y Prats.
260 _aBarcelona :
_b[s.n.],
_c1896 (
_fEstab. tip. de Jaime Jepús)
300 _a43 p. ;
_c24 cm.
500 _aEn port.: Publicado en la La Notaría, órgano oficial del Iltre. Colegio de Notarios del Territorio de la Audiencia de Barcelona.
530 _aDisponible en formato digital.
650 4 _aPréstamos hipotecarios-
_zEspaña.
_9145949
852 _aES-MaACL
_jT-822-F-4
_z- Enc. en un vol. facticio conservando la enc. original
856 _uhttp://bdh-rd.bne.es/viewer.vm?id=0000047656&page=1
_zBiblioteca Digital Hispánica
999 _c20386
_d20386